Komparácia bankopoistných produktov materskej a dcérskej spoločnosti

Bankopoistenie v životnom a neživotnom poistení. Podiel bankopoistenia na trhu životných poistení v Európe. Bankopoistné produkty v slovenských bankách.

Saved in:
Bibliographic Details
Main Author: Izáková, Katarína
Other Authors: Kubeková, Janka
Format: Book Chapter
Language:Slovak
Subjects:
Tags: Add Tag
No Tags, Be the first to tag this record!

MARC

LEADER 00000naa a2200000 4500
001 0142095
005 20231204130528.4
041 0 |a slo 
044 |a SK 
245 1 0 |a Komparácia bankopoistných produktov materskej a dcérskej spoločnosti  |c Katarína Izáková, Janka Kubeková 
520 |a Bankopoistenie v životnom a neživotnom poistení. Podiel bankopoistenia na trhu životných poistení v Európe. Bankopoistné produkty v slovenských bankách. 
610 2 0 |a bankopoisťovne 
610 2 0 |a Európa 
610 2 0 |a Slovensko 
610 2 0 |a analýza komparatívna 
610 2 0 |a trh poistný 
610 2 0 |a riziko poistné 
610 2 0 |a poistenie neživotné 
610 2 0 |a poistenie životné 
100 1 |a Izáková, Katarína 
700 1 |a Kubeková, Janka